000 01170cam a22003498i 4500
001 4436689
003 ARRUPE
005 20150325171837.0
008 790518s1980 pau b 001 0 eng
010 _a79007380
020 _a080061531X :
035 _a(OCoLC)5102040
035 _a(OCoLC)ocm05102040
035 _a(NNC)4436689
040 _aDLC
_cDLC
_dNNUT
050 0 _aBS2545.C5
_bH37
090 _aBS2545.C5
_bH37
100 1 _aHarrington, Daniel J.
_916536
245 1 0 _aGod's people in Christ :
_bNew Testament perspectives on the Church and Judaism /
_cby Daniel J. Harrington.
260 _aPhiladelphia :
_bFortress Press,
_cc1980.
263 _a8001
300 _axviii, 126 p. ;
_c22 cm.
490 1 _aOvertures to biblical theology
504 _aIncludes bibliographical references and indexes.
504 _a"Suggestions for Further Reading": p. 119-121.
630 0 0 _aBible.
_pNew Testament
_xRelation to the Old Testament.
_915206
650 2 0 _aPeople of God
_xBiblical teaching.
_916537
650 0 _aChurch
_xBiblical teaching.
_91924
830 0 _aOvertures to biblical theology.
_916538
942 _2lcc
_cMONOGRAPH
999 _c122489
_d122489